| 000 | 01987nam a2200301Ia 4500 | ||
|---|---|---|---|
| 999 |
_c54997 _d54997 |
||
| 001 | 22068 | ||
| 003 | GE_BSU | ||
| 005 | 20221012113020.0 | ||
| 008 | 181216s ||||ge |||||||||||||| ||geo|| | ||
| 020 | _a9789941437045 | ||
| 040 | _cGE_BSU | ||
| 041 | _ageo | ||
| 080 | _a821.124-1 ვ-35 | ||
| 100 |
_aვერგილიუს მარონი, პუბლიუს _915277 |
||
| 245 |
_aბუკოლიკები ; გეორგიკები ; ენეიდა = Bucolica = Georgica = Aeneis / _cშესავ. წერილი, ლათ. ტექსტის კომენტარები და ლათინურ-ქართული ლექსიკონი იამზე გაგუასი ; რედ. ქეთევან გარდაფხაძე. |
||
| 264 |
_aთბილისი : _bლოგოსი, _c2011. |
||
| 300 |
_a198 გვ. ; _c19 სმ. |
||
| 501 | _aკომენტარები გვ. 92-98 | ||
| 501 | _a ლათინურ-ქართული ლექსიკონი გვ. 99-195 | ||
| 541 | _h5ლ.80თ. | ||
| 653 | _aბუკოლიკები ; გეორგიკები ; ენეიდა = Bucolica = Georgica = Aeneis | ||
| 653 | _aლათინური ლიტერატურა | ||
| 653 | _aპუბლიკაციები და ღონისძიებები კლასიკური ფილოლოგიის, ბიზანტინისტიკისა და ნეოგრეცისტიკის სფეროში | ||
| 653 | _a რომაელი ავტორები | ||
| 700 |
_aგარდაფხაძე, ქეთევან _eრედაქტორი _913898 |
||
| 710 |
_aთსუ _bკლასიკური ფილოლოგიის ბიზანტიკისა და ნეოგრეცისტიკის ინსტიტუტი _93644 |
||
| 942 |
_cBK _2udc |
||